000 00418nam a2200169Ia 4500
008 221030s9999 xx 000 0 und d
020 _a033393685x
041 _aEnglish
082 _a105.23
_bKap
100 _aK. L. Kapoor
245 2 _aA Text Book Of Physical Chemistry Vol. III
_cby K. L. Kapoor
250 _a2nd
260 _bMacmillan
_aNew Delhi
_c2005
300 _a570
650 _aChemistry
942 _cBK
999 _c3836
_d3836